000
00345 a2200169 4500
001
68922
020
_a
8532220460
040
_c
Anchieta - Itaigara
100
_a
Machado, Ana Maria
240
1
0
_a
João Bobo
_l
por
245
1
0
_a
João Bobo
300
_a
23
362
0
_a
1998
440
1
_a
FTD
650
4
_a
Literatura infantil
942
_c
BK
999
_c
68922
_d
68922